<?xml version="1.0" encoding="UTF-8"?>
<collection xmlns="http://www.loc.gov/MARC21/slim">
<record>
  <controlfield tag="001">7502</controlfield>
  <controlfield tag="005">20250204103750.0</controlfield>
  <datafield tag="100" ind1=" " ind2=" ">
    <subfield code="a">Pham, L.B.S.</subfield>
  </datafield>
  <datafield tag="245" ind1=" " ind2=" ">
    <subfield code="a">OMMEGANG: searching for dark matter with satellites and gravimeters</subfield>
  </datafield>
  <datafield tag="260" ind1=" " ind2=" ">
    <subfield code="c">2024</subfield>
  </datafield>
  <datafield tag="269" ind1=" " ind2=" ">
    <subfield code="c">2024-10-11</subfield>
  </datafield>
  <datafield tag="520" ind1=" " ind2=" ">
    <subfield code="a">This is not a Brussels folk festival, but a scientific research project. OMMEGANG, an acronym for ‘Observing dark Matter and MEteoroids with Gravimeters ANd GNSS’, is aimed at detecting mini black holes passing close to the Earth using data from GNSS positioning satellites (including the GPS and GALILEO systems) and superconducting gravimeters. These mini black holes could partly explain the enigma of dark matter in the universe. Scientists from the Royal Observatory of Belgium (ROB) and the ULB are involved in this project, which brings together ROB’s expertise in GNSS and gravity measurements and ULB’s expertise in dark matter models and primordial black holes. </subfield>
  </datafield>
  <datafield tag="594" ind1=" " ind2=" ">
    <subfield code="a">NO</subfield>
  </datafield>
  <datafield tag="700" ind1=" " ind2=" ">
    <subfield code="a">Bertrand, B.</subfield>
  </datafield>
  <datafield tag="700" ind1=" " ind2=" ">
    <subfield code="a">Clesse, S.</subfield>
  </datafield>
  <datafield tag="700" ind1=" " ind2=" ">
    <subfield code="a">Van Camp, M.</subfield>
  </datafield>
  <datafield tag="856" ind1="0" ind2=" ">
    <subfield code="f">lebinhsan.pham@ksb-orb.be</subfield>
  </datafield>
  <datafield tag="856" ind1="4" ind2="2">
    <subfield code="a">https://www.astro.oma.be/en/ommegang-searching-for-dark-matter-with-satellites-and-gravimeters/</subfield>
  </datafield>
  <datafield tag="980" ind1=" " ind2=" ">
    <subfield code="a">PRESSREL</subfield>
  </datafield>
</record>
</collection>